000
00310nam a2200121 a 4500
005
20140414131920.0
008
101022s19uu xx 00 eng d
050
_a
ER
_b
Ou7 1997
100
_a
Hannaford, Priscilla
245
_a
Our planet.
260
_a
Leicestershire, UK :
_b
Ladybird,
_c
1997.
999
_c
111686
_d
111686